000 00346nam a22001457a 4500
020 _a978-0-19562816-6
041 _aENG
100 _aGohchengleong
245 _aCertificate Physical And Human Geography
250 _aNew Editioon
260 _aMalaysia
_bOxford India
_c2015
300 _a192
650 _aUPSC
856 _uCompetitive Exam
999 _c204
_d204